Provinces d'Italie - Statistiques

Statistiques générales
  • Ce quiz a été pris 428 fois
  • Le résultat moyen est 48 sur 107
Statistiques - réponses
Sigle Province % Correct
RM Rome
88%
MI Milan
86%
BO Bologne
85%
FI Florence
84%
GE Gênes
84%
NA Naples
83%
TO Turin
83%
BA Bari
82%
AO Aoste
81%
PA Palerme
77%
VE Venise
77%
CA Cagliari
70%
PI Pise
69%
CT Catane
68%
BG Bergame
67%
LE Lecce
67%
TS Trieste
67%
AN Ancône
63%
AQ L'Aquila
63%
RN Rimini
63%
BS Brescia
62%
PD Padoue
62%
PR Parme
62%
UD Udine
61%
BZ Bolzano
60%
ME Messine
60%
VR Vérone
60%
LI Livourne
59%
CO Côme
58%
LU Lucques
56%
MO Modène
55%
RG Reggio de Calabre
55%
TA Tarente
55%
TN Trente
55%
SA Salerne
54%
AG Agrigente
53%
RE Reggio d'Émilie
52%
SP La Spezia
51%
SI Sienne
51%
SR Syracuse
51%
PG Pérouse
50%
RA Ravenne
49%
AL Alexandrie
48%
SS Sassari
48%
CZ Catanzaro
46%
PZ Potenza
46%
PE Pescara
45%
FG Foggia
43%
BR Brindisi
42%
FE Ferrare
42%
IM Imperia
42%
NO Novare
42%
PC Plaisance
42%
AR Arezzo
39%
CB Campobasso
38%
KR Crotone
38%
LT Latina
38%
PV Pavie
38%
TP Trapani
38%
TV Trévise
38%
VI Vicence
38%
VT Viterbe
38%
MB Monza et Brianza
37%
RG Raguse
37%
FC Forlì-Cesena
36%
FR Frosinone
36%
AV Avellino
35%
GR Grosseto
35%
MN Mantoue
35%
SV Savone
35%
CS Cosenza
34%
CR Crémone
34%
AT Asti
33%
BN Bénévent
32%
MT Matera
32%
VA Varèse
31%
GO Gorizia
30%
CH Chieti
29%
LC Lecco
29%
PO Prato
29%
MS Massa-Carrare
28%
NU Nuoro
28%
CE Caserte
27%
EN Enna
27%
BT Barletta-Andria-Trani
26%
TR Terni
26%
BL Belluno
25%
BI Biella
25%
CN Coni
25%
CL Caltanissetta
24%
PU Pesaro et Urbino
24%
IS Isernia
23%
LO Lodi
23%
PT Pistoia
23%
RO Rovigo
23%
AP Ascoli Piceno
22%
PN Pordenone
22%
RI Rieti
22%
FM Fermo
19%
OR Oristano
19%
TE Teramo
18%
VV Vibo Valentia
17%
MC Macerata
16%
VC Vercelli
16%
SO Sondrio
15%
SU Sardaigne du Sud
11%
VB Verbano-Cusio-Ossola
11%
Aucun quiz correspondant
Distribution des résultats
% des personnes avec chaque résultat
Percentile par nombre de réponses
Votre historique - résultats
Vous n’avez pas pris ce quiz